000 00605nam a22001817a 4500
005 20251127131844.0
008 251124b |||||||| |||| 00| 0 eng d
020 _a978-81-19613-75-5
041 _aeng
082 _a615.32 SIN-N
100 _aSINGH, MR. PRASHANT KUMAR & BHASIN, MR. ROHIT AND KUMAR MR. ADITYA & RAJAN, MR. NITIN
_98788
245 _aNOVEL DRUG DELIVERY SYSTEM[NDDS] AS PER LATEST PCI REGULATIONS FOR B PHARMA [1ST SEMESTE]R
250 _a1ST ED, 2024
260 _aNEW DELHI
_bINNOVATIVE PUBLICATION PVT LTD
_c2025
300 _a372;P
650 _aPHARMACY
_xB.PHARMA
942 _cBK
999 _c8965
_d8963